| 000 | 00468cam a22001097a 4500 | ||
|---|---|---|---|
| 008 | 180718b xxu||||| |||| 00| 0 eng d | ||
| 082 | _aX804x42 | ||
| 245 |
_aPublic cleansing: refuse collection and disposal; street cleansing costing returns _cby Ministry of Housing and Local Government, United Kingdom |
||
| 260 |
_aLondon _bHer Majesty's Stationery Office _c |
||
| 500 | _aContents: Library has 1957/1960 | ||
| 700 | _aUnited Kingdom. Ministry of Housing and Local Government | ||
| 999 |
_c425266 _d425266 |
||